000 01574cam a22003375a 4500
001 16837005
005 20201128023759.0
008 110621s2013 maua frb 001 0 eng d
010 _a 2011932605
020 _a0840027788
020 _a9780840027788
040 _aDLC
_beng
_dEG-ScBUE
_cDLC
042 _apcc
082 0 4 _a168
_222
_bMAU
100 1 _aMauk, John‏.
_940591
245 1 0 _aInventing arguments /
_cJohn Mauk, John Metz.
250 _aBrief 3rd ed., international ed.
260 _aAustralia ;
_aBoston, Massachusetts :
_bWadsworth / Cengage Learning,
_cc.2013.
300 _axxx, 466 p. :
_bcol. ill. ;
_c23 cm.
500 _aIndex : p. 462-466.
504 _aIncludes bibliographical references.
505 _aPart I: ENTERING ARGUMENT -- Inventing Arguments -- Claims -- Support -- Opposition -- Hidden Layers -- Analyzing Argument -- Part II: INVENTING ARGUMENT -- Arguing Definitions -- Arguing Causes -- Arguing Value -- Arguing Crisis -- Arguing the Past -- Arguing the Future -- Part III: RESEARCH -- The Research Guide.
520 _a Organized around common situations that you encounter daily, Inventing Arguments teaches you to recognize the rhetorical elements of any argumentative situation and use the tools of argument effectively in your own writing.
650 7 _aReasoning.
_2BUEsh
_91072
650 7 _aCritical thinking.
_2BUEsh
_9738
650 7 _aCreative thinking.
_2BUEsh
_97850
651 _2BUEsh
653 _bLLAAWW
_cAugust 2016
700 1 _aMetz, John‏ ‎
_q(John W.)‏.
_940592
942 _2ddc
_e22
_k168 MAU
999 _c22092
_d22064